000 00738nam a2200193Ia 4500
008 0000001994 mX a 0000000000spa00
090 _aPSP00 P15a
100 1 _aPancorbo, Alberto
_d1956
245 1 0 _aAlberto Pancorbo
_b: exposición
300 _a[14] p.
_c/ 30 cm.
500 _aExposición realizada en Praxis Arte Internacional, México, Mayo Junio, 1994 \ Con el patronazgo del maestro venezolano Jesús Rafael Soto (q.e.p.d.) \
600 0 0 _aPANCORBO, ALBERTO, 1956/
_xTRABAJOS PICTORICOS
650 1 4 _aARTE CONTEMPORANEO ESPAÑOL
650 1 4 _xCATALOGOS
650 1 4 _xEXPOSICIONES
650 1 4 _aPINTORES ESPAÑOLES
650 1 4 _aPINTURA ESPAÑOLA
999 _c5233
_d5233
260 _aMéxico : Praxis Arte Internacional
_c1994